[Event "Zuerich Chess Challenge 6th"]
[Site "Zuerich"]
[Date "2017.04.15"]
[Round "5"]
[White "Nakamura, Hikaru"]
[Black "Nepomniachtchi, Ian"]
[Result "1-0"]
[WhiteElo "2793"]
[BlackElo "2751"]
[Annotator "Nakamura,H"]
[PlyCount "69"]
[EventDate "2017.04.13"]
[EventType "tourn"]
[EventRounds "7"]
[EventCountry "SUI"]
[EventCategory "19"]
[SourceTitle "CBM 178"]
[Source "ChessBase"]
[SourceDate "2017.05.14"]
[SourceVersion "1"]
[SourceVersionDate "2017.05.14"]
[SourceQuality "1"]

1. d4 Nf6 2. Nf3 g6 3. e3 Bg7 4. c4 O-O 5. Be2 b6 6. O-O Bb7 7. Nc3 d5 8. cxd5
Nxd5 9. Bd2 Nd7 (9... c5 $6 10. dxc5 Nxc3 11. Bxc3 Bxc3 12. bxc3 Nd7 13. cxb6
axb6 14. Qd4 Qc7 15. Rfb1 Ra5 16. Qb4 e6 17. Qe7 Qd8 18. Qxd8 Rxd8 19. Rd1 $14
{Giri-Vachier, Fide World Cup Baku 2015}) 10. Nxd5 Bxd5 11. Bc3 c5 (11... Nf6
12. Nd2 Bb7 13. Bf3 Bxf3 14. Nxf3 Ne4 15. Qc2 Nxc3 16. bxc3 c5 $11 {Anton
Guijarro-Lillo Castany, Llucmajor Open 2014}) 12. Rc1 e6 13. Qa4 $146 a6 14.
Qa3 Qb8 15. dxc5 Bxc3 16. Qxc3 bxc5 $2 {Accepting a much worse pawn structure
unnecessarily.} (16... Rc8 17. Rfd1 Rxc5 18. Qd2 Rxc1 19. Rxc1 Qb7 $11 {
With the symmetrical structure, Black should be fine although White might have
a very small pull.}) (16... Nxc5 17. Ne5 f6 {An ugly move, but Black seems to
be only marginally worse.} 18. Ng4 Kg7 19. b4 Ne4 20. Qd4 $14) 17. Nd2 a5 $2 {
A serious positional mistake.} 18. a4 $1 {[%csl Gb5]} Qb7 19. e4 Bc6 ({
Alternately, if Black were to play} 19... Bxe4 20. Nxe4 Qxe4 {White still
takes the upper hand with} 21. Bf3 Qxa4 22. Bxa8 Rxa8 23. Rfd1 Ra7 24. Ra1 Qb4
25. Qxb4 cxb4 26. Rd4 $1 $16 {[%csl Ga5,Ga7,Gb4][%cal Gd4b4,Ga1a7]}) 20. b3 $16
{The dust has completely settled and White holds all the positional trumps.}
Rfb8 21. Qe3 Qc7 22. Rfd1 Rb4 23. Nc4 $1 {[%csl Ga5][%cal Gc4a5]} Rab8 24. Rc3
Nf6 25. f3 Nd7 26. Qd2 Nb6 27. Qg5 (27. Qd6 Qxd6 28. Nxd6 $16 {This is also
quite good.}) 27... Nxc4 28. Bxc4 e5 29. h4 Kg7 30. h5 h6 31. Qe3 Rd8 32. Rxd8
Qxd8 33. hxg6 fxg6 34. Qxc5 Qb6 (34... Qd4+ {wouldn't change anything. Ex:} 35.
Qxd4 exd4 36. Rc1 Kf6 {[%cal Gg1f2,Gf2e2,Ge2d3]} 37. Kf2 Rb8 (37... Ke5 38. Bg8
Kd6 (38... Bd7 39. Rc5+ $18) 39. e5+ $18) 38. Ke2 g5 39. Kd3 Ke5 40. Bf7 $18 {
[%cal Gc1c5]}) 35. Bb5 $1 {A clean way of ending the game while avoiding any
potential technical difficulties in resulting endgames.} (35. Qxb6 {is also
perfectly possible, but would require more work and precise play to convert.}
Rxb6 36. Be2 $1 Be8 37. Rc7+ Kf8 38. Bc4 Rc6 39. Ra7 Rc5 40. Bd5 {This should
be winning for White as well, but it will still require some technique.}) (35.
Bb5 Qxc5+ 36. Rxc5 Bxb5 (36... Bb7 37. Rc7+ $18) (36... Ba8 37. Rc8 Bb7 38.
Rc7+ $18) 37. Rxb5 Rd4 38. Rxa5 $18) 1-0

[Event "Zuerich Chess Challenge 6th"]
[Site "Zuerich"]
[Date "2017.04.16"]
[Round "6"]
[White "Gelfand, Boris"]
[Black "Nakamura, Hikaru"]
[Result "0-1"]
[WhiteElo "2724"]
[BlackElo "2793"]
[PlyCount "88"]
[EventDate "2017.04.13"]
[EventType "tourn"]
[EventRounds "7"]
[EventCountry "SUI"]
[EventCategory "19"]
[SourceTitle "CBM 178"]
[Source "ChessBase"]
[SourceDate "2017.05.14"]
[SourceVersion "1"]
[SourceVersionDate "2017.05.14"]
[SourceQuality "1"]

1. d4 Nf6 2. c4 e6 3. Nf3 d5 4. Nc3 Be7 5. Bf4 O-O 6. e3 c5 7. dxc5 Bxc5 8. a3
Nc6 9. Be2 dxc4 10. Bxc4 Qxd1+ 11. Rxd1 a6 12. Bd6 Bxd6 13. Rxd6 Rd8 14. Rxd8+
Nxd8 15. Bd3 Bd7 16. Ke2 Kf8 17. Rd1 Ke7 18. Ne5 Nc6 19. Nxd7 Nxd7 20. Ne4 Rc8
21. Rc1 Nd4+ 22. Kd1 Rxc1+ 23. Kxc1 Nc6 24. Kc2 f5 25. Nd2 g5 26. b4 a5 27.
bxa5 Nxa5 28. Be2 Nf6 29. Kc3 Nd5+ 30. Kc2 Nf6 31. Kc3 Kd7 32. h3 Kd6 33. Nc4+
Nxc4 34. Kxc4 b6 35. Kb5 Kc7 36. Kc4 h5 37. Bf3 h4 38. Ba8 Nd7 39. f4 g4 40.
Kd4 b5 41. hxg4 fxg4 42. Be4 Nf6 43. Bd3 g3 44. Bf1 Ng4 0-1

[Event "Moscow FIDE GP"]
[Site "Moscow"]
[Date "2017.05.18"]
[Round "6"]
[White "Nakamura, Hikaru"]
[Black "Nepomniachtchi, Ian"]
[Result "1-0"]
[WhiteElo "2786"]
[BlackElo "2751"]
[Annotator "Yermolinsky,A"]
[PlyCount "69"]
[EventDate "2017.05.12"]
[EventType "swiss"]
[EventRounds "9"]
[EventCountry "RUS"]
[SourceTitle "CBM 179"]
[Source "ChessBase"]
[SourceDate "2017.07.12"]
[SourceVersion "1"]
[SourceVersionDate "2017.07.12"]
[SourceQuality "1"]

1. e4 c5 2. Nf3 d6 3. d4 cxd4 4. Nxd4 Nf6 5. Nc3 a6 {With only four rounds
left both players needed to make a push. The Najdorf Sicilian answers the call.
} 6. Bg5 e6 7. f4 Qb6 8. a3 $5 {I like this decision. Hikaru refuses to get
involved in a theoretical dispute in the Poisoned Pawn Variation.} Nc6 ({
From a Najdorf player's point of view} 8... Nbd7 {looks attractive, but, in
turn, it allows White to move his other bishop to an active position,} 9. Bc4)
({Obviously,} 8... Qxb2 $4 {loses the queen to} 9. Na4) 9. Nb3 Be7 ({Naturally,
Ian had no interest in defending a slightly worse position after} 9... Qe3+ 10.
Qe2) 10. Qd2 $5 {An important moment. Seeing the black knight on c6, Nakamura
recognised a Classical Sicilian pattern, and placed his queen accordingly.} ({
Routine is} 10. Qf3 {which Black often answers with} Qc7 11. O-O-O h6 12. Bh4
g5 $5 {inviting a firestorm:} 13. e5 $1 {[#]} (13. fxg5 Ne5 {this tempo is the
key to the whole idea.} 14. Qe2 Nfg4 {Black will regain a pawn and keep the
e5-square for his knight.}) 13... dxe5 ({Perhaps a safer try is} 13... gxh4 14.
exf6 Bxf6 15. Ne4 Be7 16. Qc3 Rg8 {but since Nf6+ is always there for him,
White can simply play} 17. Be2 $1 {with some advantage in all lines.}) 14. fxg5
Nd5 $1 ({I find} 14... hxg5 {unsatisfactory, as after} 15. Bxg5 Nd5 16. Bd2 $14
Bd7 17. Nxd5 exd5 18. Qxd5 Be6 19. Qd3 {Black's compensation is insufficient,
mainly because he cannot castle long.}) 15. Rxd5 $1 {The most principled
answer.} (15. Nxd5 exd5 16. Rxd5 hxg5 17. Bg3 Be6 18. Rd1 f5 {is rather good
for Black.}) 15... hxg5 16. Bf2 exd5 17. Nxd5 Qd6 18. Bc5 g4 $1 (18... Qh6 19.
Kb1 Bd8 20. Nd2 {offers White excellent attacking prospects.}) 19. Qd1 Qh6+ 20.
Kb1 Bxc5 21. Nxc5 Rb8 22. Bc4 b5 23. Rf1 $1 {A fun position to play, mainly
from the White side.}) 10... O-O {I don't think Ian was very familiar with the
intricacies of this type of position. What we have here is a typical
Richter-Rauser Attack setup, where Black deals with two major threats. One is
Bxf6, and you either lose the d6-pawn or agree to damage your pawn structure.
Two, and it's much worse, is e4-e5!} ({One way to deal with both is} 10... Ng4
{although the position after} 11. Bxe7 Kxe7 12. Nd1 $1 Rd8 13. Be2 Nf6 14. Nc3
{appears simply better for White.}) ({I'd put} 10... h6 $1 {on top of the list.
} 11. Bxf6 (11. Bh4 $2 Nxe4 {Every Russian schoolboy Knows....}) 11... Bxf6 12.
O-O-O {Here I'd even think of} O-O $5 (12... Be7 {saves the pawn, but loses
time:} 13. h4 Qc7 14. g4 b5 15. Be2 $14) 13. Kb1 Bd7 ({too early for} 13... Na5
{on account of} 14. Na4 $1 Nxb3 15. Nxb6 Nxd2+ 16. Rxd2 $16) 14. Qxd6 (14. g4
Na5 $1 {Another typical idea from the R-R Attack} 15. Nxa5 Qxa5 {and} 16. Nd5
Bd8 {is harmless.}) 14... Bxc3 15. bxc3 Rfd8 {Back in the day when everybody
played the Classical Sicilian Black used to welcome such developments.}) 11.
O-O-O Rd8 {Seemingly Black has successfully addressed both White's threats -
see above - but his counterplay is slow in coming, and White will continue to
press on.} 12. Bd3 (12. Qe2 $5 h6 13. h4 Bd7 14. g4 Rac8 15. Rh3 {was another
promising idea.}) 12... h6 13. h4 $5 Bd7 {Nepo continues to play quickly, but
his moves lack imagination.} ({Here he neglected a chance to establish some
kind of connection between his queen and knight:} 13... Ng4 $5 14. Bxe7 Nxe7
15. Rdf1 e5 16. Be2 a5 $1 {with reasonable chances for both sides.}) 14. Qe2
Kf8 $2 {And this one is a real error.} ({The only way to stop White was} 14...
h5 $1 15. e5 (15. f5 Ng4 16. Rdf1 Bf6 17. fxe6 Bxe6 18. Nd5 Bxd5 19. exd5 Nce5
$15) (15. Bxf6 Bxf6 16. Qxh5 Qe3+ 17. Kb1 Qxf4) 15... dxe5 16. fxe5 Ng4 $13)
15. e5 $1 {The floodgates are open.} dxe5 16. fxe5 hxg5 17. exf6 Bxf6 18. hxg5
Bxg5+ ({No salvation was offered by} 18... Bxc3 19. bxc3 Rac8 20. Rh7 $18) 19.
Kb1 {A dreadful sight for the second player. Black has no counterplay and no
means to defend his king.} Qe3 20. Qh5 Bh6 21. Rhf1 Be8 22. Rde1 Qg5 23. Qh3 {
Hikaru anticipated Ian's reply.} ({Some would choose} 23. Qh2 {to stop the
black knight from coming to help.}) 23... Ne5 24. Nc5 $1 {The e6-pawn is
collapsing, and as in many Sicilian positions, it's the beginning of the end.}
Kg8 25. Nxe6 $1 fxe6 (25... Rxd3 26. cxd3 fxe6 27. Qxe6+ Nf7 28. Nd5 $18) 26.
Qxe6+ Nf7 27. Bg6 ({Even more thematic would be} 27. Ne4 Qe5 28. Qg6 Rxd3 29.
cxd3 {and there's no stopping Nf6+.}) 27... Kh8 (27... Rd7 28. Qxe8+) 28. Bxf7
Bxf7 29. Qxf7 Qxg2 ({Understandably, Nepo didn't cherish Black's prospects
after} 29... b5 30. Rh1 Rf8 31. Qd7 {White is up a pawn, and Black's Bh6 plays
no other part other than being an unmovable stick in its king's rickety
shelter. One sample line is} Rad8 32. Qc6 Rf6 33. Re8+) 30. Rg1 Qd2 31. Rd1 Qf4
32. Qxb7 Rdb8 33. Qe4 Qf8 $2 {Ian simply quits.} ({At least} 33... Qxe4 34.
Nxe4 Re8 {would prolong the game.}) 34. Rg6 Ra7 35. Qd4 1-0

[Event "Norway Chess 5th"]
[Site "Stavanger"]
[Date "2017.06.06"]
[Round "1"]
[White "Nakamura, Hikaru"]
[Black "Giri, Anish"]
[Result "1-0"]
[WhiteElo "2785"]
[BlackElo "2771"]
[Annotator "Ramirez Alvarez,A"]
[PlyCount "133"]
[EventDate "2017.06.06"]
[EventType "tourn"]
[EventRounds "9"]
[EventCountry "NOR"]
[EventCategory "22"]
[SourceTitle "CBM 179"]
[Source "ChessBase"]
[SourceDate "2017.07.12"]
[SourceVersion "1"]
[SourceVersionDate "2017.07.12"]
[SourceQuality "1"]

1. d4 Nf6 2. c4 g6 3. Nc3 d5 4. Bg5 Ne4 5. Bh4 Nxc3 6. bxc3 dxc4 7. e3 Be6 8.
Qb1 b6 9. Nh3 Bh6 10. Bg5 Bxg5 11. Nxg5 Qd5 12. Nxe6 Qxe6 13. Qb4 Qd5 14. Qxc4
Qxc4 15. Bxc4 e6 16. Be2 Nd7 17. a4 Ke7 18. a5 c6 19. Kd2 b5 20. Rab1 Rab8 21.
Rb2 f5 22. Rhb1 Kd6 23. f3 e5 24. c4 exd4 25. cxb5 cxb5 26. Bxb5 dxe3+ 27. Kxe3
{Let us start looking at the game here. Before this, it was a Grünfeld and we
have got to this position which, though perhaps almost equal, does hold a bit
of danger for Black. Bishops are superior to knights, and the kingside pawns
will be vulnerable to an attack by the light-squared diagonal user. This
endgame is a bit reminiscent of what Fischer called the "minor exchange".} Nf6
28. Bc4 Rxb2 (28... Rhe8+ 29. Kd4 Rbd8 $1 {was the unnatural, but best way, to
hold. The point is that the rooks create an unsafe environment for the kings,
which makes it difficult for White to make progress.} 30. Rb7 Kc6+ 31. Kc3 Re3+
32. Kc2 Rd4 {for example.}) 29. Rxb2 Re8+ 30. Kd4 {Notice how Black's knight
is uncomfortably controlled compared to White's bishop.} Re7 31. Rb8 Rd7 32.
Rc8 Rb7 33. a6 $1 {Putting in the squeeze. The rook can't stay on the seventh
rank, but there isn't enough time to create counterplay.} Rb4 (33... Re7 34.
Bb5 {and the surprising checkmate on c6 is not so easy to parry.}) 34. Kc3 Ra4
35. Kb3 Nd7 36. Bb5 (36. Kxa4 Nb6+ 37. Kb5 Nxc8 38. Bg8 h6 {is not dangerous
for Black as there is no penetration square once the knight reaches e7.}) 36...
Ra5 37. Kb4 Ra1 38. Rd8 Rb1+ 39. Ka5 Ra1+ 40. Kb4 Rb1+ 41. Ka4 Ra1+ 42. Kb3
Rb1+ 43. Kc4 Rc1+ 44. Kd3 Rc7 45. Kd4 {Black has stabilised for now, but he is
far from out of danger.} Ke7 46. Ra8 Kd6 47. h4 $1 {Now phase two, if you will:
White advances a bit on the kingside to create threats.} Ke7 $2 {Unfortunate
timing.} (47... Nb6 48. Rh8 Ke6 49. Re8+ Kd6 50. h5 {is still very hard to
hold.}) 48. Bxd7 $1 {Nakamura does not miss his chances. The rook endgame is
hopeless.} Rxd7+ (48... Kxd7 49. Kd5 Ke7 50. Rh8 Kf6 51. Kd6 {and everything
falls apart} Rc2 {! the only way to resist} 52. Rxh7 Rxg2 53. Rxa7) 49. Ke5 Kf7
50. Rb8 {This is the killing manoeuvre. Any rook trade is hopeless.} Re7+ 51.
Kd5 Kf6 52. Rb7 Re5+ 53. Kd4 Ra5 54. Rxa7 {This endgame is sometimes a draw,
but not in this csae, with a weak kingside and the pawn on the sixth and not
the seventh, and you will soon find out why!} f4 55. Kc4 Ra2 56. Kc5 h5 57. Ra8
Rc2+ 58. Kb6 Rb2+ 59. Kc5 Rc2+ 60. Kb6 Rb2+ 61. Ka7 Rxg2 62. Rb8 Rf2 63. Rb6+
Kg7 64. Kb7 Rxf3 65. a7 Ra3 66. Ra6 Rb3+ 67. Kc6 1-0

[Event "Norway Chess 5th"]
[Site "Stavanger"]
[Date "2017.06.10"]
[Round "4"]
[White "Nakamura, Hikaru"]
[Black "Vachier Lagrave, Maxime"]
[Result "1-0"]
[WhiteElo "2785"]
[BlackElo "2796"]
[Annotator "Yermolinsky,A"]
[PlyCount "65"]
[EventDate "2017.06.06"]
[EventType "tourn"]
[EventRounds "9"]
[EventCountry "NOR"]
[EventCategory "22"]
[SourceTitle "CBM 179"]
[Source "ChessBase"]
[SourceDate "2017.07.12"]
[SourceVersion "1"]
[SourceVersionDate "2017.07.12"]
[SourceQuality "1"]

1. e4 c5 2. Nf3 d6 3. d4 cxd4 4. Nxd4 Nf6 5. Nc3 a6 6. Bd3 {One of those
sidelines that leaves Black with a choice of options.} e5 {I guess Hikaru
counted on this one, as MVL only plays Najdorf setups.} ({The Dragon response} 
6... g6 7. O-O Bg7 8. a4 O-O 9. Kh1 Nc6 {was seen in Judit Polgar's games
against Anand and Grischuk in the World Blitz 2014.}) (6... e6 7. f4 Nbd7 8.
O-O b5) 7. Nde2 Be7 8. O-O O-O 9. Ng3 Be6 (9... g6 $5) 10. Nd5 Bxd5 11. exd5 g6
12. c4 {This is a standard structure, the same as we saw in Carlsen-Nakamura
from round three.} Ne8 $2 {I don't like this retreat because it narrows
Black's options to a K-side attack alone, and later in the game we will see
how iffy this strategy can be.} (12... Nbd7 13. Bh6 Re8 14. b4 a5 15. a3 axb4
16. axb4 Rxa1 17. Qxa1 b5 $1 {is where your Nf6 comes in handy.}) 13. Bh6 Ng7
14. b4 Nd7 15. Rc1 $14 a5 16. a3 axb4 17. axb4 Ra3 (17... f5 18. c5 $1 dxc5
$140 19. d6 Bg5 20. Bxg5 Qxg5 21. bxc5 $16) 18. Ne4 $1 {Nakamura gets his
knight to support his queenside offensive.} f5 19. Nc3 e4 20. Be2 Bg5 21. Bxg5
Qxg5 22. c5 Ne5 (22... dxc5 23. bxc5 Nxc5 24. Nb5 Rd3 $1 {was worth taking a
look at, but White has his own ideas:} 25. Bxd3 Nxd3 26. Rc7 f4 27. Rxg7+ $1
Kxg7 28. Nc7 {winning back the exchange.}) 23. c6 {Strategically the game is
decided. The only thing left to do is put it away by exact calculation.} Nh5
24. Bxh5 gxh5 25. Kh1 {Easier said than done...} ({The most resolute was} 25.
cxb7 Ra7 {and now the surprising shot,} (25... Nd3 26. Ra1 Rxc3 27. Ra8) 26.
Nxe4 $3 fxe4 27. Rc7 Ra6 28. Rc8 Nd7 29. Qc2 Qxd5 30. Qc7 Qb5 31. Rxf8+ Kxf8
32. Qxd7 Qxd7 33. b8=Q+ Kg7 {secures White a large advantage,} 34. h3 {The
black king is too open for Black to have any hopes of advancing his d-pawn.} d5
35. b5 Qa7 36. Qe5+ Rf6 37. Qxd5 {etc.}) 25... Qh4 $2 (25... Nd3 26. Nb5 Nxc1
27. Nxa3 Nd3 28. Qc2 $16) 26. Qd4 Ng4 27. h3 f4 {MVL tries a desperado attack.}
28. Kg1 e3 29. hxg4 hxg4 30. cxb7 exf2+ 31. Rxf2 g3 32. Rxf4 Qh2+ 33. Kf1 1-0

[Event "Palma de Mallorca FIDE GP"]
[Site "Palma de Mallorca"]
[Date "2017.11.19"]
[Round "4"]
[White "Nakamura, Hikaru"]
[Black "Radjabov, Teimour"]
[Result "1-0"]
[WhiteElo "2780"]
[BlackElo "2741"]
[Annotator "Yermolinsky,A"]
[PlyCount "83"]
[EventDate "2017.11.16"]
[EventType "swiss"]
[EventRounds "9"]
[EventCountry "ESP"]
[SourceTitle "CBM 182"]
[Source "ChessBase"]
[SourceDate "2018.01.17"]
[SourceVersion "1"]
[SourceVersionDate "2018.01.17"]
[SourceQuality "1"]

1. e4 c5 2. Nf3 Nc6 3. Bb5 e6 4. O-O Nge7 5. d4 $1 {An intriguing line.
Usually, White doesn't combine the Rossolimo with an Open Sicilian, but here
the black knight is on e7.} cxd4 6. Nxd4 Ng6 (6... a6 7. Be2 Nxd4 8. Qxd4 Nc6
9. Qc3 $1 {is the key line. The active queen is interfering with Black's
development.}) 7. Be3 Be7 8. Be2 O-O 9. Nc3 Qc7 10. f4 {In this normal
Sicilian pattern White has moved his light-squared bishop twice, but it also
took two moves for the black knight to reach g6, which arguably is an inferior
position to the usual f6.} Nxd4 11. Qxd4 b6 $1 12. Qd2 {Hikaru easily
sidesteps a trap.} (12. Rad1 $2 Bc5 13. Qd2 Nxf4) ({but he could have done the
same with} 12. g3) 12... Bb7 13. Rad1 Bc6 {Black has emerged with a playable
position. Of course, when playing Nakamura one has to expect a long, tough
game regardless of how successful your opening turned out to be.} 14. a3 Bf6 $5
{Teimour's idea was to provoke e4-e5.} ({There seemed to be nothing wrong with
} 14... Rad8 15. g3 d5) 15. g3 Rac8 16. e5 Be7 17. h4 $1 Rfd8 18. h5 Nf8 19.
Ba6 Rb8 20. Qd6 $5 {Often, queen sacrifices produce more excitement from
spectators than deserved. Here it is a cute way to take the game into an
ending with opposite colourd bishops.} ({Apparently, HIkaru was not fully
satisfied with} 20. Qe2 d6 21. Qc4 d5 22. Qe2 Bc5) 20... Bxd6 21. exd6 Qc8 22.
Bxc8 Rbxc8 {Black's game isn't that cramped by the presence of the white pawn
on the 6th rank, yet there's the typical lack of communication lines between
the flanks. Nakamura has to be very quick with his play on the queenside.} 23.
a4 $1 {Doing just that!} h6 24. Ra1 Ba8 ({A sharper move was} 24... Nh7 25. Nb5
Be4 26. c3 Nf6 27. Nxa7 Rb8 $13) 25. a5 Rc6 26. Rfd1 b5 $2 {Leaving White's
a-pawn alive was a big mistake that ultimately cost Radjabov the game.} ({
Instead,} 26... bxa5 27. Bxa7 (27. Rxa5 a6) 27... Ra6 28. Be3 Rb8 29. b3 Bf3
30. Rd2 Nh7 31. Na4 Nf6 32. Nc5 Raa8 {looks about even.}) 27. a6 $1 b4 28. Nb5
Rxc2 29. Rd2 Rdc8 (29... b3 30. Rxc2 bxc2 31. Bxa7 e5 32. Rc1 Be4 33. Nc3 Bd3
34. Bb6 Ra8 35. a7 {brings no relief.}) 30. Nc7 Rxd2 31. Bxd2 Bc6 32. Be3 Nh7 (
{There was a defensive idea} 32... e5 {to force a knight swap, but the
resulting opposite-coloured bishop endgame with rooks present would be very
tough for Black, whose king is late in coming to help.}) 33. Bxa7 Nf6 34. Bc5
Ne4 {Whatever gains Black may achieve on the kingside are absolutely
irrelevant in the face of White's advantage on the other side of the board. As
expected, Nakamura wrapped the game up in the most efficient manner.} 35. Bxb4
Nxg3 36. a7 Ne2+ 37. Kh2 Nxf4 38. Ra6 Be4 39. Rb6 Nxh5 40. Rb8 Rf8 41. Bd2 Nf6
42. b4 1-0